Foreign Tourism as an Element in China's Economic Development Strategy
Salvato in:
| Autore principale: | |
|---|---|
| Altri autori: | |
| Natura: | Libro |
| Lingua: | inglese |
| Pubblicazione: |
Queensland
University
1989
|
| Edizione: | 1. ed. |
| Serie: | Discussion Paper
No.21 |
| Tags: |
Nessun Tag, puoi essere il primo ad aggiungerne!!
|
MARC
| LEADER | 00000nam a2200000 4500 | ||
|---|---|---|---|
| 001 | c030804 | ||
| 005 | 20221215113813.2 | ||
| 041 | 0 | |a eng | |
| 044 | |a AU | ||
| 245 | 1 | 0 | |a Foreign Tourism as an Element in China's Economic Development Strategy |c Clem Tisdell, Wen Jie |
| 250 | |a 1. ed. | ||
| 264 | 1 | |a Queensland |b University |c 1989 | |
| 300 | |a 30 s. | ||
| 490 | 1 | |a Discussion Paper |v No.21 | |
| 830 | 0 | |a Discussion Paper |v No.21 | |
| 100 | 1 | |a Tisdell, Clem | |
| 700 | 1 | |a Jie, Wen | |